Reporting ESG Information on Insurance Companies

Cieľom príspevku je posúdiť rozsah, kvalitu a transparentnosť vykazovania informácií o ESG vo vybraných poisťovniach na Slovensku. Analyzuje pripravenosť poisťovní na nové legislatívne požiadavky vyplývajúce zo smernice o vykazovaní udržateľnosti podnikov, ktorá nadobudla účinnosť v roku 2024. Prísp...

Full description

Saved in:
Bibliographic Details
Main Author: Meluchová, Jitka, 1965-
Format: Book Chapter
Language:English
Subjects:
Tags: Add Tag
No Tags, Be the first to tag this record!

MARC

LEADER 00000naa$a2200000$$$4500
001 0314162
005 20260119130422.9
041 0 |a eng 
044 |a SK 
245 1 0 |a Reporting ESG Information on Insurance Companies  |c Jitka Meluchová 
520 |a Cieľom príspevku je posúdiť rozsah, kvalitu a transparentnosť vykazovania informácií o ESG vo vybraných poisťovniach na Slovensku. Analyzuje pripravenosť poisťovní na nové legislatívne požiadavky vyplývajúce zo smernice o vykazovaní udržateľnosti podnikov, ktorá nadobudla účinnosť v roku 2024. Príspevok sa zameriava na nefinančné vykazovanie udržateľnosti v piatich najvýznamnejších poisťovniach na slovenskom poistnom trhu. Porovnáva vybrané subjekty z hľadiska ich prístupu k vykazovaniu a implementácii princípov ESG. Zároveň hodnotí aj zverejnené informácie o udržateľnosti a nefinančné vykazovanie poisťovní v ostatných rokoch. 
610 2 0 |a poisťovne 
610 2 0 |a ESG 
610 2 0 |a reporting 
610 2 0 |a zodpovednosť podniku spoločenská 
610 2 0 |a ukazovatele nefinančné 
610 2 0 |a udržateľnosť 
610 2 0 |a transparentnosť 
610 2 0 |a Slovensko 
610 2 0 |a smernice 
610 2 0 |a Európska únia 
100 1 |a Meluchová, Jitka, 1965-